|
|
|
|
| LEADER |
01465cas a2200193 a 4500 |
| 001 |
AALejournalIMF011069 |
| 008 |
230101c9999 xx r poo 0 0eng d |
| 020 |
|
|
|z 9781557754851
|
| 040 |
|
|
|a BD-DhAAL
|c BD-DhAAL
|
| 100 |
1 |
|
|a Premchand, A.
|
| 245 |
1 |
0 |
|a Effective Government Accounting /
|c A. Premchand.
|
| 264 |
|
1 |
|a Washington, D.C. :
|b International Monetary Fund,
|c 1995.
|
| 300 |
|
|
|a 1 online resource (206 pages)
|
| 500 |
|
|
|a <strong>Off-Campus Access:</strong> No User ID or Password Required
|
| 500 |
|
|
|a <strong>On-Campus Access:</strong> No User ID or Password Required
|
| 506 |
|
|
|a Electronic access restricted to authorized BRAC University faculty, staff and students
|
| 520 |
3 |
|
|a This book, by A. Premchand, seeks to bridge fiscal economics and government accounting. It examines historical developments, ingredients of existing systems, features of accounting standards, and other issues that governments must address to perform their tasks economically and efficiently. Readers gain insights into institutional linkages and the role of electronic technology. Arguing that government accounting systems are too important to be left to accountants alone, the book presents an interdisciplinary approach that goes beyond adapting commercial accounting formats to governments.
|
| 538 |
|
|
|a Mode of access: Internet
|
| 856 |
4 |
0 |
|z Full text available on IMF
|u http://elibrary.imf.org/view/books/071/01996-9781557754851-en/01996-9781557754851-en-book.xml
|z IMF e-Library
|